000 00720cam a2200217 4500
001 WB3549-36
008 000000n1999 000 0 eng u
035 _a(Sirsi) u103211
245 _aFarm subsidies trimmed
260 _c1999
490 _aFarmers' Weekly
_v131(24) 10 December 1999, 6(1)
520 _aFarm subsidies in England are to be cut in a move to focus funding on rural development schemes such as the Organic Farming Scheme and the Countryside Stewardship Scheme.
590 _aWB
650 _aFARM SUBSIDIES
650 _aRURAL DEVELOPMENT
650 _aORGANIC FARMING SCHEME
650 _aCOUNTRYSIDE STEWARDSHIP SCHEME
650 _aAGRICULTURE
690 _aRURAL PRACTICE
942 _n0
999 _c62034
_d62034